LEADER 01264nam2 2200325 450 001 000041395 005 20151029115402.0 010 $a3-487-00537-9 100 $a20150901d1998----km-y0itaa50------ba 101 0 $agrc$alat 102 $aDE 200 1 $aProgymnasmata$aArgumenta orationum Demosthenicarum$frecensuit Richardus Foerster 210 $aHildesheim$aZürich$aNew York$cGeorg Olms$d1998 215 $a683 p.$d21 cm 225 2 $aBibliotheca scriptorum Graecorum et Romanorum Teubneriana 410 0$12001$aBibliotheca scriptorum Graecorum et Romanorum Teubneriana 423 1$12001$aProgymnasmata 423 1$12001$aArgumenta orationum Demosthenicarum 461 1$1001000041379$12001$aLibanii Opera$v8 700 1$aLibanius$f$0172673 801 0$aIT$bUniversità della Basilicata - B.I.A.$gREICAT$2unimarc 912 $a000041395 996 $aProgymnasmata$939344 996 $aArgumenta orationum Demosthenicarum$91530969 997 $aUNIBAS BAS $aLETTERE CAT $aEXT018$b01$c20150901$lBAS01$h1022 CAT $aTTM$b30$c20151029$lBAS01$h1154 FMT Z30 -1$lBAS01$LBAS01$mBOOK$1BASA1$APolo Storico-Umanistico$2DSLF$BCollezione DiSLF$3DF/E3111$65462$5F5462$820150901$f04$FPrestabile Didattica$hVol. 8